[Event "ISL-chT 1617"]
[Site "Reykjavik"]
[Date "2016.09.30"]
[Round "2.3"]
[White "Thorarinsson, Pall A"]
[Black "Johansson, Thomas1111"]
[Result "1-0"]
[WhiteElo "2281"]
[BlackElo "2218"]
[PlyCount "87"]
[EventDate "2016.09.29"]
[EventType "team-tourn"]
[EventRounds "9"]
[EventCountry "ISL"]
[SourceTitle "EXT 2018"]
[Source "ChessBase"]
[SourceDate "2017.10.13"]
[SourceVersion "1"]
[SourceVersionDate "2017.10.13"]
[SourceQuality "1"]
[WhiteTeam "Vikingaklubburinn"]
[BlackTeam "Reykjanesbaejar"]
[WhiteTeamCountry "ISL"]
[BlackTeamCountry "ISL"]

1. e4 e6 2. Nc3 d5 3. Nf3 Nf6 4. e5 Nfd7 5. d4 c5 6. dxc5 Nc6 7. Bf4 Nxc5 8. Qd2 a6 9. 0-0-0 b5 10. Bd3 b4 11. Ne2 Rb8 12. Ned4 Nxd4 13. Nxd4 Qa5 14. Kb1 Bd7 15. h4 Na4 16. Nb3 Qc7 17. h5 h6 18. g4 a5 19. Be3 Nc3+ 20. bxc3 bxc3 21. Qe1 a4 22. Bd4 Bb4 23. Qe3 axb3 24. cxb3 Qa5 25. Rc1 Ba4 26. Bc2 Bd7 27. Bd1 Ra8 28. Rc2 Ke7 29. g5 Bb5 30. Rh3 Bc4 31. Bxc3 Rhb8 32. Bxb4+ Rxb4 33. Rb2 d4 34. Qd2 Bd5 35. Bc2 Qb5 36. Bd3 Qa5 37. gxh6 Bxb3 38. hxg7 Bxa2+ 39. Kc1 Bb3 40. Rxb3 Qa1+ 41. Bb1 Rc8+ 42. Kd1 Rxb3 43. Rxb3 Qa4 44. Qb4+ 1-0

[Event "Split op 6th"]
[Site "Split"]
[Date "2016.08.18"]
[Round "7"]
[White "Von Bahr, Oskar"]
[Black "Thorarinsson, Pall A"]
[Result "1/2-1/2"]
[WhiteElo "2378"]
[BlackElo "2270"]
[PlyCount "107"]
[EventDate "2016.08.13"]
[EventType "swiss"]
[EventRounds "9"]
[EventCountry "CRO"]
[SourceTitle "CBM 173 Extra"]
[Source "ChessBase"]
[SourceDate "2016.08.29"]
[SourceVersion "1"]
[SourceVersionDate "2016.08.29"]
[SourceQuality "1"]

1. e4 e6 2. d4 d5 3. Nd2 Nf6 4. e5 Nfd7 5. Bd3 c5 6. c3 cxd4 7. cxd4 Nc6 8. Ne2 Qb6 9. Nf3 f6 10. exf6 Nxf6 11. 0-0 Bd6 12. Bf4 Bxf4 13. Nxf4 0-0 14. Re1 Ne4 15. g3 g5 16. Bxe4 gxf4 17. Bc2 fxg3 18. hxg3 e5 19. dxe5 Bg4 20. Re3 d4 21. Rb3 Qc7 22. Be4 Nxe5 23. Rxb7 Nxf3+ 24. Bxf3 Qxb7 25. Bxb7 Bxd1 26. Bxa8 Bc2 27. Bd5+ Kg7 28. Bb3 Rc8 29. Bxc2 Rxc2 30. Rd1 Rxb2 31. Rxd4 Rxa2 32. Kg2 a5 33. Rd6 a4 34. Ra6 a3 35. Kf3 Ra1 36. Kf4 h5 37. Kg5 a2 38. Ra7+ Kf8 39. Kf6 Ke8 40. f4 h4 41. gxh4 Rf1 42. Ra8+ Kd7 43. Rxa2 Rxf4+ 44. Kg5 Rf1 45. Re2 Rg1+ 46. Kh6 Rg4 47. h5 Rg3 48. Kh7 Rg5 49. h6 Rg4 50. Kh8 Rg6 51. h7 Rg5 52. Ra2 Ke7 53. Ra8 Kf7 54. Rg8 1/2-1/2